000
00308nam a22001457a 4500
008
211020b ||||| |||| 00| 0 eng d
020
_a
0534419666
041
_a
eng
080
_2
3rd
_a
510
082
_a
510
100
_a
36
101
_a
MAT
245
_a
Finite Mathematics
_c
Waner,S
942
_2
udc
_c
BK
999
_c
58300
_d
58300